Ingeniería de control de la contaminación del aire
Uloženo v:
| Hlavní autor: | |
|---|---|
| Médium: | Kniha |
| Jazyk: | španělština |
| Vydáno: |
Ciudad de México
McGraw Hill
1997
|
| Témata: | |
| Tagy: |
Přidat tag
Žádné tagy, Buďte první, kdo vytvoří štítek k tomuto záznamu!
|
MARC
| LEADER | 00000nam a2200000 a 4500 | ||
|---|---|---|---|
| 001 | UCQ7714 | ||
| 003 | CL-VaPUC | ||
| 008 | 981113e19970000MX |||||||||||||||||spa|d | ||
| 082 | 0 | 4 | |a 628.53 |b DEN |2 21 |
| 100 | |a De Nevers, Noel |e author |9 421483 | ||
| 245 | 1 | 0 | |a Ingeniería de control de la contaminación del aire |
| 300 | |a 546 p | ||
| 942 | |c BK | ||
| 945 | |d 19981113 00:00:00 |a aarredon | ||
| 260 | |a Ciudad de México |b McGraw Hill |c 1997 | ||
| 650 | 7 | |a CONTAMINACION |2 CL-VaPUC |9 258139 | |
| 650 | 0 | |a Contaminación del aire |9 255745 | |
| 650 | 7 | |a RESIDUOS TOXICOS |2 CL-VaPUC |9 376642 | |
| 650 | 7 | |a EMISIONES |2 CL-VaPUC |9 419124 | |
| 650 | 7 | |a CONTAMINANTES |2 CL-VaPUC |9 259641 | |
| 650 | 7 | |a CONTROL AMBIENTAL |2 CL-VaPUC |9 366258 | |
| 650 | 0 | |a Partículas |9 259546 | |
| 650 | 7 | |a COMPUESTOS ORGANICOS |2 CL-VaPUC |9 306788 | |
| 583 | |a last modification |c 19981113 00:00:00 |k Rodrigo Vera | ||
| 999 | |c 277171 |d 277169 | ||
| 952 | |0 0 |1 0 |4 0 |6 628_530000000000000_DEN_1997 |7 0 |8 A |9 314986 |a BIBMEC |b BIBMEC |d 2019-11-20 |i 3481220 |o 628.53 DEN 1997 |p 3481220 |r 2024-01-19 |w 2019-11-20 |y BK |k MEC | ||